=LDR 00000nam 2200000 4500 =001 INLIS000000000022942 =005 20130612121639 =008 ***********************************Ind** =035 ##$$0010-061300000022942 =041 ##$$a Ind =082 ##$$a 340.072 =090 ##$$a 340.072, Muh l =100 ##$$a Muhammad, Abdulkadir =245 ##$$a Hukum dan penelitian hukum, Abdulkadir Muhammad =260 ##$$a 2004 $b Jakarta =300 ##$$a 204 hlm., 21 cm =650 ##$$a Hukum =850 ##$$a NBPNMAT